| 000 | 00978nas a2200313 4500 | ||
|---|---|---|---|
| 001 | BR2013003305 | ||
| 003 | BR-BrBNA | ||
| 005 | 20231205122309.0 | ||
| 007 | ta | ||
| 008 | 230509b bl.|||p| |||| 00| 00por d | ||
| 040 |
_aBR-BrBNA _bpor _cBiblioteca Nacional de Agricultura |
||
| 041 | _a(Pt) | ||
| 072 | _aM12 ; P10 | ||
| 100 | 1 | _aSilva, U.L. | |
| 100 | 1 | _aCampos, S.S. | |
| 100 | 1 | _aCorreia, E. de S. | |
| 245 | 1 | _aEfeitos de fertilizantes orgânicos e inorgânicos na abundância de macro e meiobentos e na qualidade da água do cultivo do camarão Litopenaeus Vannamei (Boone, 1931) | |
| 650 | _aAQUICULTURA | ||
| 650 | _aCAMARÃO | ||
| 650 | _aBENTOS | ||
| 650 | _aQUALIDADE DA ÁGUA | ||
| 650 | _aDIETA | ||
| 650 | _aFERTILIZANTE | ||
| 650 | _aMELAÇO | ||
| 650 | _aCRESCIMENTO | ||
| 773 | 0 |
_tAtlântica (Brazil) _xISSN 0102-1656 _g(Jan-Jun 2008), v. 30(1) p. 23-33 _wBR2013003305 |
|
| 909 |
_a202311 _bLúcia _c55 _dLúcia Elande |
||
| 942 |
_2AGRIS _n0 _cANA |
||
| 999 |
_c227931 _d227931 |
||